| 000 | 00846nam a2200265Ia 4500 | ||
|---|---|---|---|
| 003 | OSt | ||
| 005 | 20221007082021.0 | ||
| 006 | a|||||r|||| 00| 0 | ||
| 007 | ta | ||
| 008 | 221006b |||||||| |||| 00| 0 eng d | ||
| 024 | _a26,982 | ||
| 037 | _cReports / Technical Reports | ||
| 040 |
_aFLL _cFLL _beng |
||
| 041 |
_2eng _aeng |
||
| 082 | _aV73:2:9Zy7, J4 | ||
| 100 |
_aFreund Paul A. _9152586 |
||
| 245 | 0 | _aConstitional law | |
| 260 |
_aToronto _bLittlw, Brown and Company Toronto _c1954 |
||
| 300 |
_axiv,730-1773p _ccm. |
||
| 700 |
_a Brown Ernest J. _9698504 |
||
| 700 |
_a Howe Mark De Wolfe _9698505 |
||
| 700 |
_a Sutherland Arthur E. _9698506 |
||
| 942 |
_hV73:2:9Zy7, J4 _cREP _2CC |
||
| 999 |
_c1165050 _d1165050 |
||